000
00247nam a2200109Ia 4500
008
240625s9999 xx 000 0 und d
041
_a
eng
082
_a
519.5 KEL
100
_a
KELLAR GERALD
245
_a
STATISTICS FOR MANAGEMENT
260
_c
2011
999
_c
35055
_d
35055